000
00301nam a2200121Ia 4500
008
220216s9999 xx 000 0 und d
245
4
_a
The tyre industry of western Europe
260
_b
Automotive Rubber Trends
_c
1999
300
_a
47-63
650
_a
Europe
650
_a
Tyre industry
942
_c
JS
999
_c
71109
_d
71109